Towards Efficient Control of Wastewater Within Complex Pipeline Systems

Salvato in:
Dettagli Bibliografici
Autore principale: Rashedy, Hamid Ullah (Autore)
Altri autori: Holaza, Juraj (Relatore della tesi)
Natura: Manoscritto Libro
Lingua:slovacco
inglese
Pubblicazione: 2024
Soggetti:
Accesso online:http://is.stuba.sk/zp/portal_zp.pl?podrobnosti=176631
Tags: Aggiungi Tag
Nessun Tag, puoi essere il primo ad aggiungerne!!

MARC

LEADER 00000ntm a22000003a 4500
001 stuzp99648
003 SK-STU
005 20240601210908.8
007 ta
008 150427s2015----xo-----f-mn---000-0-slo-d
040 |a STU  |b slo 
041 0 |a eng 
100 1 |a Rashedy, Hamid Ullah  |u 047000  |4 aut  |U FCHPT Fakulta chemickej a potravinárskej technológie  |T FCHPT Ústav informatizácie, automatizácie a matematiky  |X 121757  |U C7000  |Y 105  |7 121757 
242 0 1 |a Towards Efficient Control of Wastewater Within Complex Pipeline Systems  |y slo 
245 1 0 |a Towards Efficient Control of Wastewater Within Complex Pipeline Systems 
260 |c 2024 
650 4 |a Different Control Strategies  |2 slo 
650 4 |a Identification  |2 slo 
650 4 |a Creation Function Block in PLC  |2 slo 
650 4 |a Mathematical Model  |2 eng 
650 4 |a Creation Function Block in PLC  |2 eng 
650 4 |a Identification  |2 eng 
650 4 |a Different Control Strategies  |2 eng 
650 4 |a Implement Pipelines System in Matlab  |2 eng 
700 1 |a Holaza, Juraj  |u 047220  |k Z1  |4 ths  |U FCHPT Ústav informatizácie, automatizácie a matematiky  |T FCHPT Oddelenie informatizácie a riadenia procesov  |X 50911  |U C7220  |Y 121  |7 A0000050911 
856 4 |u http://is.stuba.sk/zp/portal_zp.pl?podrobnosti=176631